000 00415nam a2200169Ia 4500
001 31826
003 IN-NITTTR
005 20251114233425.0
008 251113s9999||||xx |||||||||||||| ||eng||
040 _beng
040 _cIN-NITTTR
041 _aeng
082 _a005.3 O2S
100 _aOtero, Carlos E.
245 0 _aSoftware engineering design :
_b theory and practice /
_cOtero, Carlos E.
942 _2ddc
_cBK
999 _c34456
_d34456